NEVER - By xxxtentacion - Statistics

General Stats
  • This quiz has been taken 3 times
  • The average score is 78 of 119
Answer Stats
Answer % Correct
a
100%
and
100%
die
100%
I
100%
I,
100%
just
100%
me
100%
never
100%
We
100%
we
100%
You
100%
you
100%
You,
100%
all
50%
better
50%
break
50%
By
50%
can't
50%
catacombs
50%
comes,
50%
comes
50%
days
50%
do
50%
end
50%
End
50%
ever
50%
flew
50%
fly
50%
hard
50%
I'll
50%
it's
50%
It's
50%
kite
50%
knew
50%
know
50%
lifetime,
50%
morning
50%
My
50%
of
50%
or
50%
sad
50%
say
50%
Sing
50%
Skies
50%
so
50%
song
50%
take
50%
the
50%
The
50%
This
50%
time,
50%
to
50%
too
50%
Top
50%
won't
50%
are
0%
awake
0%
grey,
0%
No matching quizzes found
Score Distribution
Percent of People with Each Score
Percentile by Number Answered
Your Score History
You have not taken this quiz